| 000 | 00570nam a2200121Ia 4500 | ||
|---|---|---|---|
| 008 | 220615s9999||||xx |||||||||||||| ||und|| | ||
| 100 | _aRosenthal, Gabriele | ||
| 245 | 0 |
_aEstablished and Outsiders at the Same Time _bSelf-Images and We-Images of Palestinians in the West Bank and in Israel |
|
| 546 | _aEnglish[eng] | ||
| 650 | _abiographical research||figurational sociology||analysis | ||
| 856 | _uhttps://library.oapen.org/bitstream/20.500.12657/37143/1/GSSCA8_rosenthal.pdf||https://library.oapen.org/bitstream/20.500.12657/37143/1/GSSCA8_rosenthal.pdf | ||
| 942 | _cEB | ||
| 999 |
_c18316 _d18316 |
||